(Khmer) Story of Isunbosi: (Record no. 48856)
| 000 -LEADER | |
|---|---|
| fixed length control field | 00301nam a2200097 4500 |
| 245 ## - TITLE STATEMENT | |
| Title | (Khmer) Story of Isunbosi: |
| Remainder of title | Japanese legends / |
| Statement of responsibility, etc | Illustrated by Isabelle Calin. |
| 260 ## - PUBLICATION, DISTRIBUTION, ETC. (IMPRINT) | |
| Place of publication, distribution, etc | Cambodia: |
| Name of publisher, distributor, etc | Sipar; |
| Date of publication, distribution, etc | 2021. |
| 300 ## - PHYSICAL DESCRIPTION | |
| Extent | 28 p. |
| Other physical details | col. ill. |
| Dimensions | 24 cm. |
| 490 ## - SERIES STATEMENT | |
| Series statement | I want to read; |
| 942 ## - ADDED ENTRY ELEMENTS (KOHA) | |
| Source of classification or shelving scheme | |
| Koha item type | Khmer Fic Books |
| Withdrawn status | Lost status | Source of classification or shelving scheme | Damaged status | Not for loan | Collection code | Home library | Current library | Shelving location | Date acquired | Total Checkouts | Full call number | Barcode | Date last seen | Date checked out | Price effective from | Koha item type |
|---|---|---|---|---|---|---|---|---|---|---|---|---|---|---|---|---|
| Siem Riep | Asian Hope Secondary Library | Asian Hope Secondary Library | SECONDARY | 04/23/2025 | 10 | KHMER J FIC CAL | 208335 | 04/03/2026 | 03/06/2026 | 04/23/2025 | Khmer Fic Books | |||||
| Siem Riep | Asian Hope Secondary Library | Asian Hope Secondary Library | 01/12/2026 | 2 | KHMER J FIC CAL | 210147 | 04/07/2026 | 03/31/2026 | 01/12/2026 | Khmer Fic Books |